000 00559nam a2200181Ia 4500
008 100920s9999 xx 000 0 und d
082 _b59879
_a891.463.1 थ 93
100 _aगोविलकर सुमती र.
245 _aस्वप्ना.
260 _bनवचैतन्य प्रकाशन, मुंबई.
_c1993
300 _a126
_bसाधी
365 _b50
520 _aलघुकथा.
630 _aस्वप्ना.
650 _aलघुकथा.
730 _aस्वप्ना.
942 _cBOOK
999 _c703229
_d703226